00480nam a22001337a 4500008004100000082001200041100002000053245013300073260001900206502006400225650002300289650002000312650001400332220428b |||||||| |||| 00| 0 eng d aCD19244 aThapa, Samjhana aDivision of Labor on the Basis of Gender in Household Sphere (a Sociological study of Palungtar Municipality Ward No 10, Gorkha) aPokhara:c2017 aDissertation (Degree in Sociology), Prithivi Narayan Campus aDivision of labour aGender equality aSociology